000 00725nab a22002297a 4500
001 23006
003 HDC
007 cr bn ---aaaaa
008 210128c20100400my ||||o |||| 00| 00eng d
040 _aHDC
245 0 _aTurkish suppliers in Europe could provide red meat at half price
336 _atext
_2rdacontent
337 _acomputer
_2rdamedia
338 _aonline resource
_2rdacarrier
650 _aHalal industry
_9144
650 _aMeat
_91368
710 _ae-FeedLink.com
856 _zRequest full-text at [email protected]
942 _2lcc
942 _cNEWS
942 _kNWSO 010728
999 _c20322
_d20322